LEADER 00917nam0-22002891i-450- 001 990006370830403321 005 19980601 035 $a000637083 035 $aFED01000637083 035 $a(Aleph)000637083FED01 035 $a000637083 100 $a19980601d1928----km-y0itay50------ba 105 $a--------00-yy 200 1 $a<>illuminista piemontese$eil conte Dalmazzo Francesco Vasco, con documenti inediti$fErnestina Dulio. 210 $aTorino$cpresso l'Istituto Giuridico della R. Università$d1928 215 $a55 p.$d24 cm 225 1 $aR. Università di Torino : memorie dell'Istituto Giuridico. Serie II$v2 676 $a921.5 700 1$aDulio,$bErnestina$0239480 801 0$aIT$bUNINA$gRICA$2UNIMARC 901 $aBK 912 $a990006370830403321 952 $aUNIV. 17 (2)$br.d. 1418$fFGBC 959 $aFGBC 996 $aIlluminista piemontese$9658391 997 $aUNINA DB $aGIU01